| 000 | 00889nam a2200253 i 4500 | ||
|---|---|---|---|
| 001 | bg | ||
| 003 | BPK | ||
| 005 | 20220728111948.0 | ||
| 008 | 970510s1994 pl a |000 0 pol | ||
| 015 | _aPB 1994/1208 | ||
| 020 | _a8320808774 | ||
| 040 |
_aWA N _cBPK |
||
| 080 | _a913:33(100) | ||
| 100 | 1 |
_aDobosiewicz, Zbigniew _d(1939-2014) _eAutor |
|
| 245 | 1 | 0 |
_aGeografia ekonomiczna świata / _cZbigniew Dobosiewicz, Tadeusz Olszewski. |
| 250 | _aWyd. 3 zm. i uaktual. | ||
| 260 |
_aWarszawa : _bPańst. Wydaw. Ekonomiczne, _c1994. |
||
| 300 |
_a486, [2] s. : _bmapy, wykr. ; _c25 cm. |
||
| 650 | 4 | _aGeografia gospodarcza | |
| 700 | 1 |
_aOlszewski, Tadeusz _d(1914-1990). |
|
| 710 | 2 |
_aPaństwowe Wydawnictwo Ekonomiczne _4pbl. |
|
| 942 |
_2UKD _cKS |
||
| 856 |
_uhttp://koha.tu.koszalin.pl/cgi-bin/koha/opac-detail.pl?biblionumber=6443 _yKatalog online BPK |
||
| 999 |
_c6443 _d6443 |
||